Michigan Football Opponents Since 2000 - Statistics

General Stats
  • This quiz has been taken 317 times
    290 since last reset
  • The average score is 40 of 61
Answer Stats
Times Played Answer % Correct
23 Ohio St
100%
24 Michigan St
99%
18 Indiana
95%
19 Penn St
95%
16 Iowa
93%
4 Alabama
92%
14 Illinois
92%
16 Minnesota
91%
15 Northwestern
91%
4 Washington
91%
15 Wisconsin
91%
9 Maryland
90%
13 Purdue
90%
10 Rutgers
90%
15 Notre Dame
89%
8 Nebraska
88%
2 Oregon
87%
1 Texas
87%
2 Southern California
86%
5 Florida
85%
1 Georgia
83%
1 UCLA
81%
1 Texas Christian
77%
6 Western Michigan
75%
3 Central Michigan
73%
1 Colorado
70%
4 Eastern Michigan
70%
1 Florida St
70%
3 Bowling Green
67%
2 South Carolina
65%
4 Miami (OH)
62%
4 Utah
61%
2 UNLV
60%
1 Tennessee
59%
1 Toledo
57%
1 Army
56%
1 Colorado St
56%
1 Oregon St
56%
1 Auburn
55%
2 Hawaii
53%
2 Air Force
52%
1 Akron
52%
1 Ball St
52%
1 Virginia Tech
52%
1 Kansas St
51%
2 Appalachian St
50%
3 Connecticut
50%
1 BYU
49%
2 Northern Illinois
47%
1 Mississippi St
46%
1 East Carolina
44%
2 Massachusetts
42%
1 Central Florida
41%
1 Cincinnati
41%
1 Vanderbilt
38%
1 Houston
36%
2 San Diego St
36%
1 Southern Methodist
34%
1 Rice
27%
1 Middle Tennessee St
25%
1 Delaware St
17%
No matching quizzes found
Score Distribution
Percent of People with Each Score
Percentile by Number Answered
Your Score History
You have not taken this quiz since the last reset